| 000 | 00727nam a2200241 a 4500 | ||
|---|---|---|---|
| 001 | 54711 | ||
| 003 | BD-RjUL | ||
| 005 | 20211209080147.0 | ||
| 008 | 161109s1957 nyuaf b 000 0 eng d | ||
| 035 | _a(BD-RjUL)54833 | ||
| 040 |
_aMYG _cMYG _dBD-RjUL _beng |
||
| 041 | _aeng | ||
| 082 | 0 | 4 |
_a539.7 _223 _bTOI 1957 |
| 100 | 1 |
_aTolansky, S. _q(Samuel), _d1907-1973. _930410 |
|
| 245 | 1 | 0 |
_aIntroduction To Atomic Physics / _cS Tolansky; With a foreword by Lawrence Bragg. |
| 250 | _a4th ed. | ||
| 260 |
_anew York : _bLongmans, _c1956 [Impression 1957]. |
||
| 300 |
_axiii, 435 p. : _bill. ; _c23 cm. |
||
| 500 | _aIncludes Index | ||
| 650 | 0 |
_aNuclear physics. _930411 |
|
| 700 |
_aBragg, Lawrence _9160010 |
||
| 942 |
_2ddc _cBK |
||
| 999 |
_c54711 _d54711 |
||